000 00540nam a2200181Ia 4500
999 _c49406
_d49406
001 16326
003 GE_BSU
005 20200519152916.0
008 181216s||||||||xx |||||||||||||| ||und||
040 _cGE_BSU
041 _ageo
080 _a347.79+341 ს-15
245 _aსაერთაშორისო საზღვაო სამართალი
264 _aთბილისი:
_bბონა კაუზა,
_c2011.
300 _a256 გვ;
_b20 სმ.
653 _aსამართალი
942 _cBK
_2udc